000 00331 a2200157 4500
001 155302
040 _cEscola São Tomás de Aquino
100 _aDANTE, Luiz Roberto
240 1 0 _aMatemática
_lpor
245 1 0 _aMatemática
300 _a472
362 0 _a2008
440 1 _aÁtica
697 _aMATEMÁTICA
942 _cBK
999 _c155302
_d155302